000 00621cam a2200229 4500
008 000000n1999 000 0 eng u
020 1 _a1854318004
035 _a(Sirsi) u102213
050 0 _a711.026
245 _aBlackstone's planning law and practice 1999
260 _aLondon
_bBlackstone Press Limited
_c1999
300 _axl,1263p. ; 25cm.
350 _a75.00
650 _aPLANNING LAW
650 _aDEVELOPMENT PLANS
650 _aPLANNING PERMISSION
650 _aPLANNING CONTROL
650 0 _aPLANNING POLICY
690 _aPLANNING LAW AND PRACTICE
700 3 _aHockman, Stephen
942 _n0
999 _c100047
_d100047